| 000 | 01061cam a22003138i 4500 | ||
|---|---|---|---|
| 001 | 20795839 | ||
| 003 | OSt | ||
| 005 | 20221109163004.0 | ||
| 008 | 190102s2019 nyu b 000 0 eng | ||
| 010 | _a 2018061600 | ||
| 020 | _a9780367151942 | ||
| 040 |
_aDLC _beng _erda _cDLC |
||
| 042 | _apcc | ||
| 043 | _an-us-pa | ||
| 050 | 0 | 0 |
_aLC5253 _bK65 2019 |
| 100 | 1 | _aKokolus, John | |
| 245 | 1 | 0 |
_aPower, politics, and adult educational administration : _bthe case of a liberal arts institution / _cby John Kokolus. |
| 263 | _a1901 | ||
| 264 | 1 |
_aNew York : _bRoutledge, _c2019 |
|
| 300 | _a99p. | ||
| 504 | _aIncludes bibliographical references. | ||
| 610 | 2 | 0 | _aElizabethtown College. |
| 650 | 0 |
_aAdult education _zPennsylvania _zElizabethtown _xAdministration. |
|
| 650 | 0 |
_aContinuing education _zPennsylvania _zElizabethtown _xAdministration. |
|
| 650 | 0 |
_aAdult college students _xServices for _zPennsylvania _zElizabethtown. |
|
| 906 |
_a7 _bcbc _corignew _d1 _eecip _f20 _gy-gencatlg |
||
| 942 |
_2lcc _cBK |
||
| 999 |
_c19800 _d19799 |
||